000 00327 a2200157 4500
001 70716
020 _a
040 _cAnchieta - Itaigara
100 _aEmpresa Baiana de Jornalismo S.A.
240 1 0 _aConde dos Arcos
_lpor
245 1 0 _aConde dos Arcos
300 _a63
362 0 _a2004
650 4 _aBahia
942 _cBK
999 _c70716
_d70716